000 00297nam a22001337a 4500
008 171005b xxu||||| |||| 00| 0 eng d
020 _a0534554180
041 _aeng
080 _22ND
_a519.9
100 _a49
101 _aPSI
245 _aABNORMAL CHILD PSYCHOLOGY
_cMASH,E.J
942 _2udc
_cBK
999 _c31961
_d31961